| 000 | 01404nam0a22003851 4500 | ||
|---|---|---|---|
| 001 | v19\rc\1457436 | ||
| 005 | 20250618195156.0 | ||
| 035 | _a(NLR Aleph) 004685258 | ||
| 090 |
_a3861753 _c3861753 |
||
| 100 | _a20060620d1874 |||y0rusy50 ca | ||
| 101 | 1 |
_arus _ceng |
|
| 102 | _aRU | ||
| 105 | _ay z ||||| | ||
| 200 | 1 |
_aХарактер _fСоч. Самуэля Смайльса, авт. кн. "Самодеятельность" _gПер. с англ. С. Майковой |
|
| 205 | _a[2-е изд.] | ||
| 210 |
_aСанкт-Петербург _cК.Н. Плотников _d1874 |
||
| 215 |
_a413, III с. _d20 |
||
| 300 | _aНа обл. 5-го изд. и с изд. 8-го на тит. л. подзаг.: Воспитание и образование | ||
| 700 | 1 |
_9z01790 _aСмайлс _bС. _f1812-1904 _gСамьюэл |
|
| 702 | 1 |
_aМайкова _bС.М. _gСофья Михайловна _4730 |
|
| 790 | 1 |
_9z01700 _aСмайльс _bС. _f1812-1904 _gСамюэль |
|
| 790 | 1 |
_9z01700 _aСмайльс _bС. _f1812-1904 _gСамуэль |
|
| 801 | 0 |
_aRU _bNLR _gpsbo |
|
| 801 | 0 |
_aRU _bRuMoRGB _2psbo |
|
| 801 | 1 |
_aRU _bProSoft-M _2rusmarc |
|
| 852 |
_aNLR _j18.30.9.1 |
||
| 852 |
_aNLR _j129/2621 |
||
| 899 |
_aRuMoRGB _jB 12/139 |
||
| 899 |
_aRuMoRGB _jT 60/33 |
||
| 899 | _aБАН | ||
| 899 | _aНБ СПбГУ | ||
| 899 | _aГПИБ | ||
| 899 | _aНБ МГУ | ||
| 942 | _cBOOK | ||
| 980 | _aNB | ||